000 00481nam a2200181Ia 4500
001 25159
005 20260414151131.0
008 260414t2006||||xx |||||||||||||| ||spa||
041 _aESP
082 _a346.241
_bN28
100 _aNavas Navarro, Susana [Dir.]
_eAUT
245 0 _aMatrimonio homosexual y adopción :
_bperspectiva nacional e internacional
260 _c2006
300 _a334 páginas :
_c24 cm.
650 _aDER
654 _aCDE
942 _cLIB
_dJUS
_fJUS
_2ddc
_n
999 _c25159
_d25159